000 00487nam a2200181Ia 4500
003 GCL
008 140319s9999 xx 000 0 eng d
040 _aGCL /
_cGCL
082 0 4 _a327.2
_bB B
100 1 _aBUTLER,DAVID
245 1 0 _aBRITISH POLITICAL FACTS 1900-1994 /
_cBUTLER,DAVID
700 1 _aBUTLER,GARETH
260 _a[S.N] :
_bTHE MACMILLAN PRESS LTD. ،
_c1994
300 _a541P
650 0 4 _aINTERNATIONAL RELATIONS
650 0 4 _aPOLITICAL RELATIONS
942 _2ddc
_cBK
999 _c12390
_d12390